Statistiken für Beliebte weibliche Vornamen - Bekannte Personen

Klicken Sie hier um das Quiz zu spielen!

Allgemein

  • Dieses Quiz wurde 6.470 mal gespielt
  • Das Durchschnittsergebnis liegt bei 25 aus 51

Antwortstatistiken

VornameNachname% Korrekt
AngelaMerkel
92%
AnneFrank
91%
HeidiKlum
91%
MarieCurie
90%
AstridLindgren
85%
AnnaThalbach
81%
BarbaraSchöneberger
77%
SophieScholl
76%
LenaGerke
74%
Ursulavon der Leyen
73%
EmmaWatson
71%
SahraWagenknecht
69%
StefanieGraf
66%
JenniferAniston
65%
NicoleKidman
62%
ClaudiaSchiffer
61%
LisaMarie Presley
59%
KatarinaWitt
57%
VanessaMai
55%
AndreaBerg
53%
MargaretThatcher
53%
IrisBerben
50%
LauraDahlmeier
49%
HeikeMakatsch
48%
KatrinGöring-Eckardt
47%
MarleneDietrich
46%
SusanneDaubner
45%
HannahArendt
41%
SandraMaischberger
41%
HildegardKnef
39%
EdithPiaf
37%
RenateKünast
37%
BirgitPrinz
36%
JuliaScharf
35%
Annettevon Droste-Hülshoff
34%
IngridBergman
33%
HanneloreElsner
32%
LeaSeydoux
32%
NadineAngerer
29%
KarinThaler
28%
JohannaWanka
27%
PetraGerster
27%
SabineBergmann-Pohl
27%
BrigitteZypries
26%
MonikaGruber
25%
Frida / FriedaHansdotter
19%
GiselaSchneeberger
15%
IlseAichinger
15%
IngeborgBachmann
14%
ChristaWolf
11%
GertrudeStein
7%

Verteilung der Resultate

Perzentil nach korrekt beantworteten Fragen

Anzahl Personen mit jedem Resultat

Ihre Resultats-Entwicklung

Sie haben dieses Quiz noch nicht gespielt